Countries of America in Alphabetical Order - Statistics

General Stats
  • This quiz has been taken 30 times
  • The average score is 23 of 35
Answer Stats
Country % Correct
Antigua and Barbuda
100%
Belize
84%
Argentina
79%
Barbados
79%
Canada
79%
Dominica
79%
Dominican Republic
79%
Bahamas
74%
Bolivia
74%
Brazil
74%
Costa Rica
74%
Cuba
74%
Ecuador
74%
Jamaica
74%
Chile
68%
Colombia
68%
El Salvador
68%
Guatemala
68%
Guyana
68%
Haiti
68%
Nicaragua
68%
Grenada
63%
Honduras
63%
Mexico
63%
Paraguay
58%
Saint Kitts and Nevis
58%
Panama
53%
Saint Lucia
53%
Saint Vincent and the Grenadines
53%
Trinidad and Tobago
53%
Uruguay
53%
Peru
47%
United States
47%
Venezuela
47%
Suriname
42%
No matching quizzes found
Score Distribution
Percent of People with Each Score
Percentile by Number Answered
Your Score History
You have not taken this quiz